[Event "95th Caplin Hastings Congress"]
[Site "Hastings"]
[Date "2020.01.03"]
[Round "7.57"]
[White "Stoyanov, Boris"]
[Black "Lakshmi Raja Perumal K"]
[Result "0-1"]
[WhiteElo "1416"]
[BlackElo "1492"]
[Annotator "NA"]
[PlyCount "104"]
[EventDate "2019.12.28"]
[EventType "swiss"]
[EventCountry "ENG"]
[SourceTitle "playchess.com"]
[Source "ChessBase"]
[SourceQuality "1"]
[TimeControl "40/6600+30:3000+30"]

1. e4 {[%emt 0:10:53]} e5 {[%emt 0:09:48]} 2. Nf3 {[%emt 0:00:27]} Nc6 {[%emt 0:00:04]} 3. Nc3 {[%emt 0:00:04]} d6 {[%emt 0:02:11]} 4. Be2 {[%emt 0:01:16]} Be6 {[%emt 0:04:12]} 5. d3 {[%emt 0:02:29]} h6 {[%emt 0:00:41]} 6. Be3 {[%emt 0:05:59]} Nf6 {[%emt 0:00:20]} 7. h3 {[%emt 0:02:02]} d5 {[%emt 0:01:08]} 8. exd5 {[%emt 0:04:33]} Nxd5 {[%emt 0:00:47]} 9. Nxd5 {[%emt 0:00:44]} Bxd5 {[%emt 0:00:10]} 10. c4 {[%emt 0:05:29]} Bb4+ {[%emt 0:02:16]} 11. Bd2 {[%emt 0:01:11]} Bxd2+ {[%emt 0:11:42]} 12. Qxd2 {[%emt 0:00:47]} Bxf3 {[%emt 0:01:16]} 13. Bxf3 {[%emt 0:03:30]} Qd6 {[%emt 0:01:23]} 14. O-O {[%emt 0:04:57]} O-O {[%emt 0:00:09]} 15. Rad1 {[%emt 0:09:22]} Rab8 {[%emt 0:00:56]} 16. Rfe1 {[%emt 0:11:21]} Nd4 {[%emt 0:00:19]} 17. Re3 {[%emt 0:13:18]} c6 {[%emt 0:05:13]} 18. Rde1 {[%emt 0:06:31]} Rbe8 {[%emt 0:00:08]} 19. Bd1 {[%emt 0:02:02]} Re6 {[%emt 0:00:07]} 20. Qa5 {[%emt 0:05:56]} b5 {[%emt 0:09:42]} 21. Qxa7 {[%emt 0:04:51]} bxc4 {[%emt 0:04:03]} 22. dxc4 {[%emt 0:00:33]} c5 {[%emt 0:03:17]} 23. Bf3 {[%emt 0:11:25]} f5 {[%emt 0:00:22]} 24. Bd5 {[%emt 0:00:47]} e4 {[%emt 0:00:59]} 25. Rg3 {[%emt 0:02:39]} Rf7 {[%emt 0:00:59]} 26. Qa8+ {[%emt 0:02:10]} Kh7 {[%emt 0:00:11]} 27. Bxe6 {[%emt 0:00:31]} Qxe6 {[%emt 0:00:22]} 28. Qd5 {[%emt 0:00:45]} Qe7 {[%emt 0:02:41]} 29. f3 {[%emt 0:02:07]} e3 {[%emt 0:01:27]} 30. f4 {[%emt 0:01:22]} e2 {[%emt 0:00:17]} 31. Kf2 {[%emt 0:01:44]} Qc7 {[%emt 0:01:04]} 32. Qe5 {[%emt 0:00:27]} Qa5 {[%emt 0:02:10]} 33. Ra3 {[%emt 0:01:28]} Qd2 {[%emt 0:02:14]} 34. Rxe2 {[%emt 0:01:25]} Nxe2 {[%emt 0:00:00]} 35. Qxe2 {[%emt 0:00:07]} Qxf4+ {[%emt 0:00:00]} 36. Rf3 {[%emt 0:00:13]} Qd4+ {[%emt 0:00:02]} 37. Kf1 {[%emt 0:00:17]} Ra7 {[%emt 0:02:22]} 38. a3 {[%emt 0:00:42]} Rb7 {[%emt 0:00:12]} 39. Rf2 {[%emt 0:00:32]} Rxb2 {[%emt 0:00:21]} 40. Qe1 {[%emt 0:01:56]} Qxc4+ {[%emt 0:02:45]} 41. Kg1 {[%emt 0:50:53]} Qd4 {[%emt 0:54:35]} 42. g3 {[%emt 0:00:00]} Ra2 {[%emt 0:00:00]} 43. Kg2 {[%emt 0:00:00]} Qd5+ {[%emt 0:00:00]} 44. Kh2 {[%emt 0:00:00]} Rxa3 {[%emt 0:00:00]} 45. Qb1 {[%emt 0:00:00]} Rd3 {[%emt 0:00:00]} 46. g4 {[%emt 0:00:00]} Qd6+ {[%emt 0:00:00]} 47. Kg2 {[%emt 0:00:00]} Qg3+ {[%emt 0:00:00]} 48. Kf1 {[%emt 0:00:00]} Qxh3+ {[%emt 0:00:00]} 49. Ke1 {[%emt 0:00:00]} Qh1+ {[%emt 0:00:00]} 50. Rf1 {[%emt 0:00:00]} Qe4+ {[%emt 0:00:00]} 51. Kf2 {[%emt 0:00:00]} Rf3+ {[%emt 0:00:00]} 52. Kg1 {[%emt 0:00:00]} Qxg4+ {[%emt 0:00:00]} 0-1

[Event "95th Caplin Hastings Congress"]
[Site "Hastings"]
[Date "2020.01.04"]
[Round "8.1"]
[White "Sengupta, Deep"]
[Black "Panchanathan, Magesh Chandran"]
[Result "0-1"]
[WhiteElo "2550"]
[BlackElo "2482"]
[Annotator "ChessBase"]
[PlyCount "60"]
[EventDate "2019.12.28"]
[EventType "swiss"]
[EventCountry "ENG"]
[SourceTitle "playchess.com"]
[Source "ChessBase"]
[SourceQuality "1"]
[TimeControl "40/6600+30:3000+30"]

1. e4 {[%emt 0:09:33]} e5 {[%emt 0:09:37]} 2. Nf3 {[%emt 0:00:06]} Nc6 {[%emt 0:00:06]} 3. Bc4 {[%emt 0:00:10]} Nf6 {[%emt 0:00:07]} 4. Ng5 {[%emt 0:00:08]} d5 {[%emt 0:00:16]} 5. exd5 {[%emt 0:00:06]} Na5 {[%emt 0:00:04]} 6. Bb5+ {[%emt 0:00:06]} c6 {[%emt 0:00:05]} 7. dxc6 {[%emt 0:00:04]} bxc6 {[%emt 0:00:03]} 8. Be2 {[%emt 0:00:06]} h6 {[%emt 0:00:29]} 9. Nh3 {[%emt 0:00:06]} Bc5 {[%emt 0:00:11]} 10. d3 {[%emt 0:00:05]} O-O {[%emt 0:00:08]} 11. O-O {[%emt 0:00:45]} Nb7 {[%emt 0:00:04]} 12. Nc3 {[%emt 0:00:15]} Bd4 {[%emt 0:00:21]} 13. Kh1 {[%emt 0:06:52]} Nd6 {[%emt 0:03:45]} 14. Ng1 {[%emt 0:01:52]} Re8 {[%emt 0:30:16]} 15. Na4 {[%emt 0:17:57]} Nf5 {[%emt 0:05:26]} 16. Nf3 {[%emt 0:10:14]} Ba6 {[%emt 0:25:30]} 17. Nxd4 {[%emt 0:15:10]} Qxd4 {[%emt 0:00:19]} 18. c3 {[%emt 0:00:06]} Qd6 {[%emt 0:00:05]} 19. Be3 {[%emt 0:16:29]} Rad8 {[%emt 0:00:59]} 20. Bxa7 {[%emt 0:12:05]} e4 {[%emt 0:01:01]} 21. d4 {[%emt 0:00:41]} Bxe2 {[%emt 0:01:19]} 22. Qxe2 {[%emt 0:00:02]} h5 {[%emt 0:00:38]} 23. Bc5 {[%emt 0:05:24]} Qf4 {[%emt 0:00:49]} 24. Nb6 {[%emt 0:10:47]} Qh4 {[%emt 0:04:35]} 25. Kg1 {[%emt 0:06:03]} Re6 {[%emt 0:07:50]} 26. Nc4 {[%emt 0:03:13]} Nd5 {[%emt 0:08:13]} 27. g3 {[%emt 0:03:04]} Qh3 {[%emt 0:00:43]} 28. Kh1 {[%emt 0:00:47]} h4 {[%emt 0:06:17]} 29. Rg1 {[%emt 0:00:13]} Rh6 {[%emt 0:00:21]} 30. Qf1 {[%emt 0:01:56]} Qxh2+ {[%emt 0:00:11]} 0-1

[Event "95th Caplin Hastings Congress"]
[Site "Hastings"]
[Date "2020.01.04"]
[Round "8.2"]
[White "Edouard, Romain"]
[Black "Petrov, Martin"]
[Result "1/2-1/2"]
[WhiteElo "2640"]
[BlackElo "2504"]
[Annotator "TA"]
[PlyCount "41"]
[EventDate "2019.12.28"]
[EventType "swiss"]
[EventCountry "ENG"]
[SourceTitle "playchess.com"]
[Source "ChessBase"]
[SourceQuality "1"]

{[%evp 23,31,7,0,0,11,8,17,13,14,10]} 1. Nf3 c5 2. b3 Nf6 3. c4 Nc6 4. Bb2 e6 5. g3 Be7 6. Bg2 O-O 7. O-O d5 8. cxd5 Nxd5 9. Nc3 Bf6 10. Qc1 b6 11. Nxd5 exd5 12. d4 Ba6 {The position is equal.} 13. Re1 {A14: English Opening: 1...e6 with b3 by White} Nxd4 (13... Re8 14. dxc5 Bxb2 15. Qxb2 bxc5 16. Rac1 Qa5 17. Ng5 Nb4 18. Qd2 Rad8 19. a3 Qxa3 20. Rxc5 Re7 21. Bxd5 {1-0 (29) Gershon,A (2444)-Greenfeld,A (2521) Israel 2018}) 14. Nxd4 cxd4 15. Qd2 Re8 16. Bxd4 {Predecessor:} Bxe2 $146 17. Rxe2 Rxe2 18. Qxe2 Bxd4 19. Rd1 Qf6 20. Bxd5 Rd8 21. Qf3 {½-½ (21) Sun,C (2063)-Wu,W (2345) Qinhuangdao 2019} 1/2-1/2

[Event "95th Caplin Hastings Congress"]
[Site "Hastings"]
[Date "2020.01.04"]
[Round "8.3"]
[White "Flear, Glenn C"]
[Black "Kantor, Gergely"]
[Result "0-1"]
[WhiteElo "2435"]
[BlackElo "2541"]
[Annotator "ChessBase"]
[PlyCount "66"]
[EventDate "2019.12.28"]
[EventType "swiss"]
[EventCountry "ENG"]
[SourceTitle "playchess.com"]
[Source "ChessBase"]
[SourceQuality "1"]
[TimeControl "40/6600+30:3000+30"]

1. d4 {[%emt 0:09:32]} Nf6 {[%emt 0:10:15]} 2. c4 {[%emt 0:00:12]} e6 {[%emt 0:00:26]} 3. Nf3 {[%emt 0:00:37]} b6 {[%emt 0:00:04]} 4. Bf4 {[%emt 0:04:28]} Bb4+ {[%emt 0:00:22]} 5. Nfd2 {[%emt 0:01:10]} Nh5 {[%emt 0:00:12]} 6. Bg3 {[%emt 0:04:14]} Bb7 {[%emt 0:01:05]} 7. a3 {[%emt 0:01:39]} Bf8 {[%emt 0:03:50]} 8. Nc3 {[%emt 0:05:14]} Nxg3 {[%emt 0:00:49]} 9. hxg3 {[%emt 0:00:12]} g6 {[%emt 0:00:05]} 10. e3 {[%emt 0:02:24]} Bg7 {[%emt 0:00:14]} 11. Qc2 {[%emt 0:02:52]} d6 {[%emt 0:01:51]} 12. Rh2 {[%emt 0:02:32]} c5 {[%emt 0:11:51]} 13. dxc5 {[%emt 0:17:35]} dxc5 {[%emt 0:06:09]} 14. O-O-O {[%emt 0:02:35]} Qe7 {[%emt 0:03:34]} 15. Be2 {[%emt 0:12:41]} Nc6 {[%emt 0:07:45]} 16. Nde4 {[%emt 0:04:55]} O-O {[%emt 0:06:24]} 17. g4 {[%emt 0:07:31]} f5 {[%emt 0:12:09]} 18. gxf5 {[%emt 0:00:31]} exf5 {[%emt 0:00:38]} 19. Ng3 {[%emt 0:03:13]} Ne5 {[%emt 0:04:35]} 20. Nd5 {[%emt 0:02:39]} Bxd5 {[%emt 0:00:58]} 21. Rxd5 {[%emt 0:00:20]} Rad8 {[%emt 0:08:58]} 22. Rxd8 {[%emt 0:02:24]} Rxd8 {[%emt 0:01:27]} 23. Rh1 {[%emt 0:00:22]} Qb7 {[%emt 0:05:59]} 24. f3 {[%emt 0:05:45]} b5 {[%emt 0:08:42]} 25. cxb5 {[%emt 0:04:40]} c4 {[%emt 0:01:13]} 26. Bxc4+ {[%emt 0:15:18]} Kh8 {[%emt 0:00:33]} 27. Rd1 {[%emt 0:04:26]} Rc8 {[%emt 0:02:21]} 28. b3 {[%emt 0:00:04]} Qe7 {[%emt 0:02:30]} 29. Kd2 {[%emt 0:00:26]} Nxc4+ {[%emt 0:02:13]} 30. bxc4 {[%emt 0:00:07]} Qd6+ {[%emt 0:00:05]} 31. Ke2 {[%emt 0:01:01]} Qxg3 {[%emt 0:00:38]} 32. Kf1 {[%emt 0:00:06]} h5 {[%emt 0:03:20]} 33. c5 {[%emt 0:00:21]} Qe5 {[%emt 0:00:56]} 0-1

[Event "95th Caplin Hastings Congress"]
[Site "Hastings"]
[Date "2020.01.04"]
[Round "8.4"]
[White "Stany, G.A."]
[Black "Fishbein, Alexander"]
[Result "1-0"]
[WhiteElo "2519"]
[BlackElo "2440"]
[Annotator "ChessBase"]
[PlyCount "79"]
[EventDate "2019.12.28"]
[EventType "swiss"]
[EventCountry "ENG"]
[SourceTitle "playchess.com"]
[Source "ChessBase"]
[SourceQuality "1"]
[TimeControl "40/6600+30:3000+30"]

1. e4 {[%emt 0:09:35]} c5 {[%emt 0:09:38]} 2. Nf3 {[%emt 0:00:03]} d6 {[%emt 0:00:02]} 3. d4 {[%emt 0:00:07]} cxd4 {[%emt 0:00:03]} 4. Nxd4 {[%emt 0:00:05]} Nf6 {[%emt 0:00:03]} 5. Nc3 {[%emt 0:00:06]} Nc6 {[%emt 0:00:03]} 6. f3 {[%emt 0:00:08]} e5 {[%emt 0:00:25]} 7. Nb3 {[%emt 0:00:10]} Be7 {[%emt 0:00:21]} 8. Be3 {[%emt 0:00:09]} O-O {[%emt 0:00:50]} 9. Qd2 {[%emt 0:00:10]} a5 {[%emt 0:00:09]} 10. Bb5 {[%emt 0:00:10]} Na7 {[%emt 0:00:32]} 11. Bxa7 {[%emt 0:00:18]} Rxa7 {[%emt 0:00:18]} 12. O-O-O {[%emt 0:00:16]} Be6 {[%emt 0:06:31]} 13. Qe3 {[%emt 0:00:09]} Ra8 {[%emt 0:01:41]} 14. Kb1 {[%emt 0:00:06]} Qb8 {[%emt 0:05:36]} 15. Rd2 {[%emt 0:32:11]} h6 {[%emt 0:12:37]} 16. g3 {[%emt 0:17:02]} Rd8 {[%emt 0:13:02]} 17. Rhd1 {[%emt 0:05:46]} Rc8 {[%emt 0:09:19]} 18. Na4 {[%emt 0:16:15]} Bd7 {[%emt 0:01:36]} 19. Qe2 {[%emt 0:04:32]} Qa7 {[%emt 0:04:55]} 20. Bxd7 {[%emt 0:01:37]} Nxd7 {[%emt 0:00:01]} 21. Rd5 {[%emt 0:03:57]} b6 {[%emt 0:04:14]} 22. Nd2 {[%emt 0:09:53]} Rab8 {[%emt 0:10:13]} 23. Nc3 {[%emt 0:03:43]} Nc5 {[%emt 0:09:01]} 24. Nb5 {[%emt 0:05:52]} Qa6 {[%emt 0:00:57]} 25. Nf1 {[%emt 0:00:41]} Ne6 {[%emt 0:01:16]} 26. c4 {[%emt 0:02:28]} Rc5 {[%emt 0:11:01]} 27. Ne3 {[%emt 0:00:47]} Rbc8 {[%emt 0:03:19]} 28. Nf5 {[%emt 0:02:59]} Bf8 {[%emt 0:00:09]} 29. Nfxd6 {[%emt 0:00:11]} Bxd6 {[%emt 0:02:43]} 30. Nxd6 {[%emt 0:00:06]} R8c7 {[%emt 0:03:29]} 31. Qf1 {[%emt 0:01:20]} Rxd5 {[%emt 0:04:42]} 32. exd5 {[%emt 0:00:55]} Nc5 {[%emt 0:00:13]} 33. Qe2 {[%emt 0:01:09]} Re7 {[%emt 0:00:40]} 34. Nf5 {[%emt 0:00:38]} Re8 {[%emt 0:00:25]} 35. Nd6 {[%emt 0:00:04]} Re7 {[%emt 0:00:21]} 36. Nf5 {[%emt 0:00:41]} Re8 {[%emt 0:00:03]} 37. d6 {[%emt 0:00:04]} Nd7 {[%emt 0:00:41]} 38. Qe4 {[%emt 0:00:21]} Qa8 {[%emt 0:00:20]} 39. Qg4 {[%emt 0:00:21]} g6 {[%emt 0:00:17]} 40. Ne7+ {[%emt 0:00:21]} 1-0

[Event "95th Caplin Hastings Congress"]
[Site "Hastings"]
[Date "2020.01.04"]
[Round "8.5"]
[White "Hebden, Mark L"]
[Black "Bagi, Mate"]
[Result "0-1"]
[WhiteElo "2434"]
[BlackElo "2466"]
[Annotator "ChessBase"]
[PlyCount "50"]
[EventDate "2019.12.28"]
[EventType "swiss"]
[EventCountry "ENG"]
[SourceTitle "playchess.com"]
[Source "ChessBase"]
[SourceQuality "1"]
[TimeControl "40/6600+30:3000+30"]

1. d4 {[%emt 0:10:31]} Nf6 {[%emt 0:09:51]} 2. Nc3 {[%emt 0:00:50]} d5 {[%emt 0:01:05]} 3. Bf4 {[%emt 0:00:15]} e6 {[%emt 0:02:16]} 4. e3 {[%emt 0:01:07]} Bb4 {[%emt 0:04:20]} 5. Nge2 {[%emt 0:01:34]} O-O {[%emt 0:01:21]} 6. a3 {[%emt 0:00:18]} Be7 {[%emt 0:02:52]} 7. h4 {[%emt 0:07:58]} c5 {[%emt 0:04:14]} 8. f3 {[%emt 0:04:14]} Nc6 {[%emt 0:04:55]} 9. g4 {[%emt 0:00:18]} a6 {[%emt 0:11:33]} 10. Qd2 {[%emt 0:07:10]} b5 {[%emt 0:02:36]} 11. g5 {[%emt 0:09:03]} Ne8 {[%emt 0:04:58]} 12. Ng3 {[%emt 0:02:42]} Ra7 {[%emt 0:20:08]} 13. Rg1 {[%emt 0:11:52]} Rb7 {[%emt 0:07:10]} 14. Nd1 {[%emt 0:01:29]} f6 {[%emt 0:02:40]} 15. Nh5 {[%emt 0:06:38]} fxg5 {[%emt 0:03:27]} 16. Bxg5 {[%emt 0:00:18]} cxd4 {[%emt 0:04:29]} 17. exd4 {[%emt 0:03:03]} e5 {[%emt 0:00:29]} 18. c3 {[%emt 0:00:29]} exd4 {[%emt 0:03:25]} 19. cxd4 {[%emt 0:00:35]} Qb6 {[%emt 0:00:36]} 20. Be3 {[%emt 0:07:31]} Bxh4+ {[%emt 0:02:57]} 21. Nf2 {[%emt 0:00:08]} Na5 {[%emt 0:02:47]} 22. Bd3 {[%emt 0:04:27]} Rxf3 {[%emt 0:01:57]} 23. Ke2 {[%emt 0:01:16]} Rff7 {[%emt 0:05:27]} 24. Qc2 {[%emt 0:02:33]} Rbe7 {[%emt 0:03:29]} 25. Nd1 {[%emt 0:00:57]} Nc4 {[%emt 0:00:38]} 0-1

[Event "95th Caplin Hastings Congress"]
[Site "Hastings"]
[Date "2020.01.04"]
[Round "8.7"]
[White "Lalic, Bogdan"]
[Black "Howell, David W L"]
[Result "1/2-1/2"]
[WhiteElo "2402"]
[BlackElo "2679"]
[Annotator "TA"]
[PlyCount "45"]
[EventDate "2019.12.28"]
[EventType "swiss"]
[EventCountry "ENG"]
[SourceTitle "playchess.com"]
[Source "ChessBase"]
[SourceQuality "1"]

{[%evp 23,45,8,8,10,10,14,16,7,35,4,14,0,1,9,0,0,0,0,16,18,26,16,29,35]} 1. d4 Nf6 2. c4 g6 3. Nc3 d5 4. Nf3 Bg7 5. Bg5 Ne4 6. Bf4 Nxc3 7. bxc3 c5 8. cxd5 Qxd5 9. e3 cxd4 10. cxd4 Nc6 11. Be2 Qa5+ 12. Qd2 O-O 13. Qxa5 {D80: Grünfeld: Unusual White 4th moves and 4 Bg5} Nxa5 14. O-O Bf5 15. Rfc1 {The position is equal.} (15. Nd2 Rac8 16. Rfc1 Rxc1+ 17. Rxc1 Rc8 18. Rxc8+ Bxc8 19. Bf3 Nc6 20. Bxc6 bxc6 {½-½ (44) Aronian,L (2758)-Vachier Lagrave,M (2774) Khanty-Mansiysk 2019}) 15... Rac8 16. h3 Nc6 $146 ({Predecessor:} 16... Be6 17. Nd2 f5 18. Bf3 b6 19. a3 h6 20. Be2 Bd5 {½-½ (35) Hirr,R (2439)-Roques,P (2381) ICCF email 2015}) 17. g4 Be4 18. Nd2 Bd5 19. Bf3 Bxf3 20. Nxf3 Rfd8 21. Rab1 b6 22. Kf1 Na5 23. Bc7 1/2-1/2

[Event "95th Caplin Hastings Congress"]
[Site "Hastings"]
[Date "2020.01.04"]
[Round "8.8"]
[White "Wadsworth, Matthew J"]
[Black "Van den Doel, Erik"]
[Result "0-1"]
[WhiteElo "2401"]
[BlackElo "2588"]
[Annotator "ChessBase"]
[PlyCount "132"]
[EventDate "2019.12.28"]
[EventType "swiss"]
[EventCountry "ENG"]
[SourceTitle "playchess.com"]
[Source "ChessBase"]
[SourceQuality "1"]
[TimeControl "40/6600+30:3000+30"]

1. c4 {[%emt 0:09:36]} c6 {[%emt 0:13:48]} 2. Nf3 {[%emt 0:00:12]} d5 {[%emt 0:00:05]} 3. g3 {[%emt 0:00:04]} Nf6 {[%emt 0:00:05]} 4. Bg2 {[%emt 0:00:06]} Bf5 {[%emt 0:00:04]} 5. cxd5 {[%emt 0:01:27]} cxd5 {[%emt 0:00:07]} 6. Qb3 {[%emt 0:00:06]} Nc6 {[%emt 0:00:04]} 7. O-O {[%emt 0:00:07]} Qd7 {[%emt 0:00:28]} 8. d3 {[%emt 0:01:03]} e5 {[%emt 0:04:51]} 9. Bg5 {[%emt 0:00:30]} Be7 {[%emt 0:00:39]} 10. Nc3 {[%emt 0:03:26]} d4 {[%emt 0:09:42]} 11. Bxf6 {[%emt 0:00:30]} gxf6 {[%emt 0:14:22]} 12. Ne4 {[%emt 0:04:43]} Rc8 {[%emt 0:02:57]} 13. Rfc1 {[%emt 0:03:05]} b6 {[%emt 0:00:18]} 14. Nh4 {[%emt 0:04:53]} Be6 {[%emt 0:00:53]} 15. Qb5 {[%emt 0:00:56]} Nd8 {[%emt 0:02:27]} 16. Qxd7+ {[%emt 0:04:45]} Kxd7 {[%emt 0:01:01]} 17. Rxc8 {[%emt 0:01:15]} Kxc8 {[%emt 0:00:04]} 18. f4 {[%emt 0:02:57]} Rg8 {[%emt 0:10:56]} 19. f5 {[%emt 0:01:36]} Bd7 {[%emt 0:00:08]} 20. Rc1+ {[%emt 0:02:01]} Kb8 {[%emt 0:00:06]} 21. b4 {[%emt 0:08:22]} Nb7 {[%emt 0:08:41]} 22. Kf2 {[%emt 0:01:26]} Rc8 {[%emt 0:06:49]} 23. Rxc8+ {[%emt 0:03:25]} Kxc8 {[%emt 0:00:05]} 24. Kf3 {[%emt 0:01:33]} Nd6 {[%emt 0:02:39]} 25. Nxd6+ {[%emt 0:00:58]} Bxd6 {[%emt 0:00:27]} 26. Kg4 {[%emt 0:00:22]} Bxb4 {[%emt 0:01:01]} 27. Bd5 {[%emt 0:00:07]} Be8 {[%emt 0:00:12]} 28. Nf3 {[%emt 0:00:33]} Ba3 {[%emt 0:08:34]} 29. Nd2 {[%emt 0:01:31]} Kd7 {[%emt 0:00:11]} 30. Ne4 {[%emt 0:03:09]} Ke7 {[%emt 0:00:06]} 31. Kh5 {[%emt 0:00:06]} Bc1 {[%emt 0:00:05]} 32. g4 {[%emt 0:00:56]} h6 {[%emt 0:03:48]} 33. Bb3 {[%emt 0:02:21]} Bc6 {[%emt 0:04:15]} 34. h4 {[%emt 0:02:39]} b5 {[%emt 0:11:16]} 35. Nc5 {[%emt 0:01:12]} Kf8 {[%emt 0:03:20]} 36. a4 {[%emt 0:05:47]} bxa4 {[%emt 0:02:05]} 37. Nxa4 {[%emt 0:00:01]} Kg7 {[%emt 0:00:13]} 38. Nc5 {[%emt 0:00:34]} Ba3 {[%emt 0:00:07]} 39. Ne4 {[%emt 0:05:37]} Be7 {[%emt 0:00:30]} 40. Nd2 {[%emt 0:13:35]} a5 {[%emt 0:00:24]} 41. Nc4 {[%emt 0:50:34]} a4 {[%emt 0:50:08]} 42. Bc2 {[%emt 0:00:10]} a3 {[%emt 0:00:43]} 43. Bb3 {[%emt 0:00:03]} Ba4 {[%emt 0:00:00]} 44. Ba2 {[%emt 0:00:00]} Bd1 {[%emt 0:00:00]} 45. e3 {[%emt 0:00:00]} Bc2 {[%emt 0:00:00]} 46. exd4 {[%emt 0:00:00]} exd4 {[%emt 0:00:00]} 47. Nxa3 {[%emt 0:00:00]} Bxa3 {[%emt 0:00:00]} 48. Bc4 {[%emt 0:00:00]} Bc1 {[%emt 0:00:00]} 49. Bb5 {[%emt 0:00:00]} Kf8 {[%emt 0:00:00]} 50. Bc4 {[%emt 0:00:00]} Ke7 {[%emt 0:00:00]} 51. Bb5 {[%emt 0:00:00]} Bb3 {[%emt 0:00:00]} 52. Bc6 {[%emt 0:00:00]} Kd6 {[%emt 0:00:00]} 53. Be8 {[%emt 0:00:00]} Be3 {[%emt 0:00:00]} 54. Bb5 {[%emt 0:00:00]} Bd5 {[%emt 0:00:00]} 55. Be8 {[%emt 0:00:00]} Kc5 {[%emt 0:00:00]} 56. Bd7 {[%emt 0:00:00]} Kb4 {[%emt 0:00:00]} 57. Be8 {[%emt 0:00:00]} Kc3 {[%emt 0:00:00]} 58. Bb5 {[%emt 0:00:00]} Kd2 {[%emt 0:00:00]} 59. Ba6 {[%emt 0:00:00]} Ke2 {[%emt 0:00:00]} 60. Bb5 {[%emt 0:00:00]} Kf2 {[%emt 0:00:00]} 61. Be8 {[%emt 0:00:00]} Kg3 {[%emt 0:00:00]} 62. Ba4 {[%emt 0:00:00]} Bf3 {[%emt 0:00:00]} 63. Bd1 {[%emt 0:00:00]} Kf4 {[%emt 0:00:00]} 64. Bb3 {[%emt 0:00:00]} Bxg4+ {[%emt 0:00:00]} 65. Kxh6 {[%emt 0:00:00]} Kxf5+ {[%emt 0:00:00]} 66. Kg7 {[%emt 0:00:00]} Bh5 {[%emt 0:00:00]} 0-1

[Event "95th Caplin Hastings Congress"]
[Site "Hastings"]
[Date "2020.01.04"]
[Round "8.9"]
[White "Yao, Lan"]
[Black "Korneev, Oleg"]
[Result "0-1"]
[WhiteElo "2281"]
[BlackElo "2513"]
[Annotator "TA"]
[PlyCount "88"]
[EventDate "2019.12.28"]
[EventType "swiss"]
[EventCountry "ENG"]
[SourceTitle "playchess.com"]
[Source "ChessBase"]
[SourceQuality "1"]

{[%evp 9,114,10,19,14,29,6,14,14,19,25,45,31,30,-19,-25,-45,-42,-75,-91,-74,-96,-98,-106,-81,-18,-7,-11,-25,-16,-23,0,0,0,0,0,0,-13,-49,-37,-36,-49,-83,-84,-87,-86,-94,-66,-63,-81,-74,-81,-97,-104,-102,-93,-95,-96,-96,-90,-89,-87,-105,-103,-112,-118,-135,-130,-142,-125,-131,-136,-152,-135,-186,-143,-198,-131,-124,0,-207,-171,-178,-112,-122,-123,-202,-188,-894,-869,-1158,-1193,-1200,-1102,-1861,-1733,-2014,-1786,-29967,-29938,-29981,-29981,-29982,-29983,-29983,-29984,-29984,-29985]} 1. e4 e5 2. Nf3 Nc6 3. Bc4 Bc5 4. c3 Nf6 5. d3 a6 6. a4 {C54: Giuoco Piano: 4 c3 Nf6, main lines with 5 d4 and 5 d3} d6 7. h3 $146 (7. O-O Ba7 8. Re1 h6 9. Nbd2 g5 10. b4 Nh5 11. Nb3 Qf6 12. Be3 Bxe3 13. fxe3 g4 {½-½ (27) Ragger,M (2687)-Grischuk,A (2771) St Petersburg 2018}) 7... Ba7 8. O-O {The position is equal.} O-O 9. Nbd2 Kh8 10. b4 Ng8 11. Nb3 f5 12. b5 Nce7 13. Ng5 {Black must now prevent Nf7+.} Qe8 $1 14. bxa6 bxa6 15. Ne6 Bxe6 $1 16. Bxe6 Qg6 (16... fxe4 $17 {With the idea ...Qg6.} 17. d4 (17. dxe4 Nf6 $17) 17... exd4 18. cxd4 Nf6) 17. exf5 Nxf5 18. Bxf5 Qxf5 19. Be3 Ne7 20. Bxa7 Rxa7 21. d4 Nd5 22. dxe5 Qxe5 23. Qd4 (23. c4 {seems wilder.} Nf4 24. Re1 Qf5 25. Qf3 Raa8 26. Kh2) 23... Qxd4 24. cxd4 Rb7 25. Nd2 Rb4 $36 {[%mdl 2048] Black is really pushing.} 26. Nf3 a5 27. Rfc1 Kg8 28. Rc6 Ra8 29. Ng5 Rxd4 30. Ne6 Re4 $1 {[%cal Re4e6]} 31. Ng5 Re7 32. Rac1 h6 33. Nf3 Ra7 34. Nd4 Nb4 35. R6c4 {[#] White wants to play Rxb4!} Rb7 $1 36. Nc6 Nxc6 37. Rxc6 $17 {[%mdl 4096] Endgame [#] KRR-KRR} Ra7 $1 38. f3 Kf7 39. Kf2 Ke6 40. Rb1 Kd7 41. Rbc1 (41. Rc2 $17 {was worth a try.}) 41... Re6 42. g3 (42. h4 $17) 42... Rb7 ({Black should play} 42... Re8 $19 43. R1c4 Rb8) 43. R1c2 Ra7 (43... g5 $17 44. Ra6 Rf6) 44. Rc1 $1 $19 Re8 {Played: Re6-f6} 0-1